000
00233nam a2200097Ia 4500
082
_a
BIE
245
0
_a
SIN VIR HUMOR
100
_a
BIERMAN, Ettie 1974
_9
97999
942
_c
BK
008
210817s9999 xx 000 0 und d
999
_c
415741
_d
415740